|
|
|
|
| LEADER |
00000cam a22000004a 4500 |
| 001 |
musev2_81997 |
| 003 |
MdBmJHUP |
| 005 |
20230905052417.0 |
| 006 |
m o d |
| 007 |
cr||||||||nn|n |
| 008 |
891212s1976 miu o 00 0 eng d |
| 010 |
|
|
|z 76016235
|
| 020 |
|
|
|a 9780472902187
|
| 020 |
|
|
|z 9780472128181
|
| 020 |
|
|
|z 9780891480532
|
| 035 |
|
|
|a (OCoLC)1184510059
|
| 040 |
|
|
|a MdBmJHUP
|c MdBmJHUP
|
| 041 |
0 |
|
|a eng
|a map
|
| 100 |
1 |
|
|a Zurbuchen, Mary Sabina.
|
| 245 |
1 |
0 |
|a Introduction to Old Javanese Language and Literature :
|b A Kawi Prose Anthology /
|c Mary S. Zurbuchen.
|
| 264 |
|
1 |
|a Ann Arbor :
|b Center for South and Southeast Asian Studies, University of Michigan,
|c 1976.
|
| 264 |
|
3 |
|a Baltimore, Md. :
|b Project MUSE,
|c 2021
|
| 264 |
|
4 |
|c ©1976.
|
| 300 |
|
|
|a 1 online resource.
|
| 336 |
|
|
|a text
|b txt
|2 rdacontent
|
| 337 |
|
|
|a computer
|b c
|2 rdamedia
|
| 338 |
|
|
|a online resource
|b cr
|2 rdacarrier
|
| 490 |
0 |
|
|a Michigan series in South and Southeast Asian languages and linguistics ;
|v 3
|
| 506 |
0 |
|
|a Open Access
|f Unrestricted online access
|2 star
|
| 588 |
|
|
|a Description based on print version record.
|
| 650 |
|
7 |
|a Javanese literature.
|2 fssh
|
| 650 |
|
7 |
|a Kawi language.
|2 fssh
|
| 650 |
|
7 |
|a Kawi literature.
|2 fast
|0 (OCoLC)fst00986553
|
| 650 |
|
0 |
|a Kawi literature
|x Translations into English.
|
| 650 |
|
0 |
|a Kawi literature.
|
| 655 |
|
7 |
|a Translations.
|2 fast
|0 (OCoLC)fst01423791
|
| 655 |
|
7 |
|a Electronic books.
|2 local
|
| 710 |
2 |
|
|a Project Muse.
|e distributor
|
| 830 |
|
0 |
|a Book collections on Project MUSE.
|
| 856 |
4 |
0 |
|z Texto completo
|u https://projectmuse.uam.elogim.com/book/81997/
|